Вып. 3 : Философская критика: её особенности и традиции; Актуальные проблемы истории марксистско-ленинской философии

Bibliographische Detailangaben
Parent link:Актуальные проблемы истории марксистско-ленинской философии: межвузовский сборник/ Ленинградский государственный университет (ЛГУ). Вып. 3 : Философская критика: её особенности и традиции.— , 1983-1989
Sprache:Russisch
Veröffentlicht: 1987
Schlagworte:
Format: Buch
KOHA link:https://koha.lib.tpu.ru/cgi-bin/koha/opac-detail.pl?biblionumber=270786

MARC

LEADER 00000nam2a2200000 4500
001 270786
005 20231101234357.0
035 |a (RuTPU)RU\TPU\book\293967 
090 |a 270786 
100 |a 20141001d1987 k y0rusy50 ca 
101 0 |a rus 
102 |a RU 
105 |a y z 000zy 
200 0 |a Вып. 3 : Философская критика: её особенности и традиции 
210 |d 1987 
215 |a 168 с. 
461 1 |0 (RuTPU)RU\TPU\book\299178  |t Актуальные проблемы истории марксистско-ленинской философии  |o межвузовский сборник  |f Ленинградский государственный университет (ЛГУ)  |v Вып. 3 : Философская критика: её особенности и традиции  |d 1983-1989 
606 1 |a Философия  |2 stltpush  |3 (RuTPU)RU\TPU\subj\63880  |9 80812 
610 1 |a философская критика 
610 1 |a теория 
610 1 |a история 
610 1 |a методология 
610 1 |a идеализм 
610 1 |a буржуазная философия 
610 1 |a общественное развитие 
686 |a Ю0/.3  |v LBC/SL-A  |2 rubbk 
801 1 |a RU  |b 63413507  |c 20141001 
801 2 |a RU  |b 63413507  |c 20160419  |g RCR 
942 |c BK